Marque de Youtubeurs ou Rappeurs fr #1 - Statistiques

Statistiques générales
  • Ce quiz a été pris 392 fois
  • Le résultat moyen est 5 sur 8
Statistiques - réponses
Par images Réponse % Correct
Bigflo et Oli
84%
Amixem
69%
Kerchak
69%
Cyprien
66%
Vodk
63%
Booba
55%
Gotaga
48%
Hamza
26%
Aucun quiz correspondant
Distribution des résultats
% des personnes avec chaque résultat
Percentile par nombre de réponses
Votre historique - résultats
Vous n’avez pas pris ce quiz